La Lombricultura en la Agricultura Sustentable del Siglo XXI (Registro nro. 11413)
[ vista simple ]
| 000 -CABECERA | |
|---|---|
| campo de control de longitud fija | 00576nam a22002057a 4500 |
| 001 - NÚMERO DE CONTROL | |
| campo de control | T027600010739 |
| 008 - DATOS DE LONGITUD FIJA--INFORMACIÓN GENERAL | |
| campo de control de longitud fija | 181111b xve|||||r|||| 00| | esp d |
| 099 ## - SIGNATURA TOPOGRÁFICA LOCAL | |
| Número de clasificación | IVP-D-055131 |
| Cutter | |
| 100 ## - ENTRADA PRINCIPAL--NOMBRE DE PERSONA | |
| Nombre de persona | Moyano, Ramón E |
| 245 ## - MENCIÓN DE TÍTULO | |
| Título | La Lombricultura en la Agricultura Sustentable del Siglo XXI |
| 260 ## - PUBLICACIÓN, DISTRIBUCIÓN, ETC. (PIE DE IMPRENTA) | |
| Lugar de publicación, distribución, etc. | Cd. Guayana, Junio 1998 |
| 300 ## - DESCRIPCIÓN FÍSICA | |
| Extensión | 12 p. |
| 500 ## - NOTA GENERAL | |
| Nota general | |
| 650 ## - PUNTO DE ACCESO ADICIONAL DE MATERIA--TÉRMINO DE MATERIA | |
| Término de materia o nombre geográfico como elemento inicial | Proyectos de infraestructura física |
| 650 ## - PUNTO DE ACCESO ADICIONAL DE MATERIA--TÉRMINO DE MATERIA | |
| Término de materia o nombre geográfico como elemento inicial | directrices gubernamentales |
| 650 ## - PUNTO DE ACCESO ADICIONAL DE MATERIA--TÉRMINO DE MATERIA | |
| Término de materia o nombre geográfico como elemento inicial | desarrollo integral |
| 650 ## - PUNTO DE ACCESO ADICIONAL DE MATERIA--TÉRMINO DE MATERIA | |
| Término de materia o nombre geográfico como elemento inicial | unidades de gestión |
| 650 ## - PUNTO DE ACCESO ADICIONAL DE MATERIA--TÉRMINO DE MATERIA | |
| Término de materia o nombre geográfico como elemento inicial | sector público |
| 942 ## - ELEMENTOS DE PUNTO DE ACCESO ADICIONAL (KOHA) | |
| Tipo de ítem Koha | Libro |
| Estado de retiro | Estado de pérdida | Estado dañado | No para préstamo | Código de colección | Localización permanente | Ubicación/localización actual | Ubicación en estantería | Fecha de adquisición | Total de préstamos | Signatura topográfica completa | Código de barras | Fecha visto por última vez | Precio válido a partir de | Tipo de ítem Koha | Número de copia |
|---|---|---|---|---|---|---|---|---|---|---|---|---|---|---|---|
| IVP | Oscar Varsavsky | Oscar Varsavsky | Caja N° 26 | 13.11.2018 | IVP-D-055131 | T027600013404 | 13.11.2018 | 13.11.2018 | Documento | ||||||
| IVP | Oscar Varsavsky | Oscar Varsavsky | Caja N° 26 | 13.11.2018 | IVP-D-055131 | T027600013405 | 13.11.2018 | 13.11.2018 | Documento | e.2 | |||||
| IVP | Oscar Varsavsky | Oscar Varsavsky | Caja N° 26 | 13.11.2018 | IVP-D-055131 | T027600013406 | 13.11.2018 | 13.11.2018 | Documento | e.3 | |||||
| IVP | Oscar Varsavsky | Oscar Varsavsky | Caja N° 26 | 13.11.2018 | IVP-D-055131 | T027600013407 | 13.11.2018 | 13.11.2018 | Documento | e.4 | |||||
| IVP | Oscar Varsavsky | Oscar Varsavsky | Caja N° 26 | 13.11.2018 | IVP-D-055131 | T027600013408 | 13.11.2018 | 13.11.2018 | Documento | e.5 | |||||
| IVP | Oscar Varsavsky | Oscar Varsavsky | Caja N° 26 | 13.11.2018 | IVP-D-055131 | T027600013409 | 13.11.2018 | 13.11.2018 | Documento | e.6 |